<?xml version="1.0" encoding="UTF-8"?>
<record
    xmlns:xsi="http://www.w3.org/2001/XMLSchema-instance"
    xsi:schemaLocation="http://www.loc.gov/MARC21/slim http://www.loc.gov/standards/marcxml/schema/MARC21slim.xsd"
    xmlns="http://www.loc.gov/MARC21/slim">

  <leader>01471cam a2200193   4500</leader>
  <controlfield tag="001">6085</controlfield>
  <controlfield tag="005">20181127180840.0</controlfield>
  <controlfield tag="008">070828s2008    nyu           000 1 eng</controlfield>
  <datafield tag="010" ind1=" " ind2=" ">
    <subfield code="a">  2007035721</subfield>
  </datafield>
  <datafield tag="020" ind1=" " ind2=" ">
    <subfield code="a">9780340935842</subfield>
  </datafield>
  <datafield tag="100" ind1="1" ind2=" ">
    <subfield code="a">Picoult, Jodi,</subfield>
    <subfield code="d">1966-</subfield>
  </datafield>
  <datafield tag="245" ind1="1" ind2="0">
    <subfield code="a">Change of heart /</subfield>
    <subfield code="b"></subfield>
    <subfield code="c">Jodi Picoult.</subfield>
  </datafield>
  <datafield tag="260" ind1=" " ind2=" ">
    <subfield code="a">London :</subfield>
    <subfield code="b">Hodder,</subfield>
    <subfield code="c">2008.</subfield>
  </datafield>
  <datafield tag="300" ind1=" " ind2=" ">
    <subfield code="a">viii, 461 p. ;</subfield>
    <subfield code="c">25 cm.</subfield>
  </datafield>
  <datafield tag="520" ind1=" " ind2=" ">
    <subfield code="a">One moment June Nealon was happily looking forward to  years full of laughter and adventure with her family, and  the next, she was staring into a future that was as empty  as her heart. Now her life is a waiting game. Waiting for  time to heal her wounds, waiting for justice. In short,  waiting for a miracle to happen. For Shay Bourne, life  holds no more surprises. The world has given him nothing,  and he has nothing to offer the world. In a heartbeat,  though, something happens that changes everything for  him. Now, he has one last chance for salvation, and it  lies with June's eleven-year-old daughter, Claire. But  between Shay and Claire stretches an ocean of bitter  regrets, past crimes, and the rage of a mother who has  lost her child. Would you give up your vengeance against  someone you hate if it meant saving someone you love?  Would you want your dreams to come true if it meant  granting your enemy's dying wish?</subfield>
  </datafield>
  <datafield tag="650" ind1=" " ind2="0">
    <subfield code="a">Murderers</subfield>
    <subfield code="v">Fiction.</subfield>
  </datafield>
  <datafield tag="650" ind1=" " ind2="0">
    <subfield code="a">Repentance</subfield>
    <subfield code="v">Fiction.</subfield>
  </datafield>
  <datafield tag="650" ind1=" " ind2="0">
    <subfield code="a">Transplantation of organs, tissues, etc.</subfield>
    <subfield code="v">Fiction.</subfield>
  </datafield>
  <datafield tag="999" ind1=" " ind2=" ">
    <subfield code="c">5136</subfield>
    <subfield code="d">5136</subfield>
  </datafield>
  <datafield tag="952" ind1=" " ind2=" ">
    <subfield code="0">0</subfield>
    <subfield code="1">0</subfield>
    <subfield code="2">ddc</subfield>
    <subfield code="4">0</subfield>
    <subfield code="7">0</subfield>
    <subfield code="8">FIC</subfield>
    <subfield code="a">RTCLIB</subfield>
    <subfield code="b">RTCLIB</subfield>
    <subfield code="c">FIC</subfield>
    <subfield code="d">2021-03-31</subfield>
    <subfield code="h"> </subfield>
    <subfield code="i">9598</subfield>
    <subfield code="l">5</subfield>
    <subfield code="o">FIC 813.52 PIC</subfield>
    <subfield code="p">30008175</subfield>
    <subfield code="r">2023-03-21 00:00:00</subfield>
    <subfield code="s">2023-03-07</subfield>
    <subfield code="w">2018-11-27</subfield>
    <subfield code="y">FIC</subfield>
  </datafield>
</record>
